Tough love. (Record no. 16675)

000 -LEADER
fixed length control field 00469nam a2200169 a 4500
001 - CONTROL NUMBER
control field :::00019853$&:&@@
003 - CONTROL NUMBER IDENTIFIER
control field OkBaRHE
005 - DATE AND TIME OF LATEST TRANSACTION
control field 20011106142527.0
008 - FIXED-LENGTH DATA ELEMENTS--GENERAL INFORMATION
fixed length control field s1968 j 000 0 eng u
040 ## - CATALOGING SOURCE
Transcribing agency
100 1# - MAIN ENTRY--PERSONAL NAME
Personal name Milliken, Bill
245 10 - TITLE STATEMENT
Title Tough love.
260 ## - PUBLICATION, DISTRIBUTION, ETC. (IMPRINT)
Place of publication, distribution, etc Old Tappan, NJ
Name of publisher, distributor, etc Fleming H. Revell
Date of publication, distribution, etc 1968
300 ## - PHYSICAL DESCRIPTION
Extent 176 p.
942 ## - ADDED ENTRY ELEMENTS (KOHA)
Source of classification or shelving scheme
Koha item type Books
Copies
Current Location Date checked out Shelving location Total Checkouts Full call number Copy number Permanent Location Damaged status Lost status Date acquired Barcode Not for loan Source of classification or shelving scheme Withdrawn status Price effective from Date last seen Koha item type
RHEMA Bible Training College2011-10-11General Stacks1BV 4447 .M51RHEMA Bible Training College  2010-04-1419853   2010-04-142011-10-20Books